| 000 | 00369nam a2200157Ia 4500 | ||
|---|---|---|---|
| 003 | OSt | ||
| 005 | 20240220104302.0 | ||
| 008 | 170524s9999 xx 000 0 und d | ||
| 020 | _a978-0028018218 | ||
| 040 | _cIIMT UNIVERSITY MEERUT | ||
| 100 | _aLeach Donald P | ||
| 245 | 0 | _aDigital Principles and Applications | |
| 260 | _bTMH | ||
| 260 | _c2006 | ||
| 942 |
_2ddc _c02 |
||
| 999 |
_c5015 _d5015 |
||